| 000 | 00989nam a22002417a 4500 | ||
|---|---|---|---|
| 005 | 20140704122616.0 | ||
| 008 | 120131s2010 ck ado r f0 0 0 spa d | ||
| 020 | _a9789588067292 | ||
| 041 | 0 | _aspa | |
| 044 | _ack | ||
| 082 | 0 | 4 |
_a333.7 _bI193l |
| 245 | 0 | 0 |
_aLeyenda nacional de coberturas de la tierra _bmetodología CORINE Land Cover adaptada para Colombia Escala 1:100.000 _ceditores Néstor Javier Martínez Ardila y Uriel Gonzalo Murcia García |
| 260 |
_aBogotá _bIDEAM _c2010 |
||
| 300 |
_a225 p. _bil., fotos, mapas y planos (algunos a color) _c21 cm. |
||
| 504 | _aIncluye referencias bibliográficas (p. 71). | ||
| 650 | 1 | 4 |
_aInventario de recursos naturales _zColombia _924646 |
| 650 | 2 | 4 |
_aProtección del medio ambiente _zColombia _924647 |
| 650 | 2 | 4 |
_aCartografía _zColombia _924648 |
| 650 | 2 | 4 |
_aEconomía ambiental _zColombia _924649 |
| 700 | 1 |
_aMartínez-Ardila, Néstor Javier _eed. _924650 |
|
| 700 | 1 |
_aMurcia-García, Uriel Gonzalo _eed. _9663 |
|
| 942 |
_2ddc _cImpreso |
||
| 999 |
_c8513 _d8513 |
||